Histoire du drapeau du Myanmar - Statistiques

Statistiques générales
  • Ce quiz a été pris 28 fois
  • Le résultat moyen est 5 sur 9
Statistiques - réponses
Hint Réponse % Correct
Occupation japonaise pendant la seconde guerre mondiale (1942-1943)
83%
Deuxième drapeau de la Birmanie britannique (1939-1941) et quatrième drapeau de la Birmanie britannique (1945-1948)
83%
Troisième drapeau de la Birmanie britannique (1941-1942)
74%
Deuxième drapeau de la Birmanie (drapeau actuel depuis 2010)
74%
Deuxième drapeau de la république socialiste de Birmanie (1974-1988) et premier drapeau de la Birmanie (1988-2010)
57%
Dynastie Konbaung (1752-1885)
52%
Premier drapeau de la Birmanie britannique (1885-1939)
52%
État de Birmanie (1943-1945)
43%
Union de Birmanie (1948-1962) et premier drapeau de la république socialiste de Birmanie (1962-1974)
30%
Aucun quiz correspondant
Distribution des résultats
% des personnes avec chaque résultat
Percentile par nombre de réponses
Votre historique - résultats
Vous n’avez pas pris ce quiz